| 000 | 01157cam a2200229 4500 | ||
|---|---|---|---|
| 001 | L137133 | ||
| 008 | 070316s2007 xxk f 000 0 eng d | ||
| 020 | _a9780755914937 | ||
| 035 | _a(Sirsi) u137133 | ||
| 041 | 0 | _aeng | |
| 050 | 0 | 4 | _a333.790941 $2 21 |
| 110 | 2 |
_aScotland _bScottish Executive _94769 |
|
| 245 | 0 | 0 |
_aEnergy efficiency and microgeneration _bachieving a low carbon future: a strategy for scotland _h[electronic resource] |
| 260 |
_aEdinburgh _bScottish Executive _c2007 |
||
| 505 | 2 | _aSetting the scene -- Energy use in Scotland -- Changing our behaviour -- Knowing what we use -- Changing our buildings -- Improving our homes -- The public sector leading by example -- Conclusion and next steps. | |
| 520 | _aHighlights work underway, sets out progress being made, and outlines work that is currently planned for the future of energy use in Scotland. | ||
| 590 | _aKA | ||
| 651 | 4 |
_aScotland _y1999- |
|
| 690 | _aENVIRONMENTAL AND LAND CONSULTANCY-ENERGY-RENEWABLE ENERGY | ||
| 856 | 4 | 8 |
_uhttps://www.scotland.gov.uk/Publications/2007/03/09144516/0 _zView the consultation paper free of charge at www.scotland.gov.uk... |
| 942 | _n0 | ||
| 999 |
_c106656 _d106656 |
||